[Event "TCh-RUS Blitz 2018"]
[Site "Sochi RUS"]
[Date "2018.10.10"]
[Round "9.1"]
[White "Daniil Dubov"]
[Black "David Paravyan"]
[Result "1-0"]
[EventDate "?"]
[WhiteElo "2703"]
[BlackElo "2629"]
[PlyCount "62"]

1. Nf3 d5 2. e3 Nf6 3. c4 c6 4. Nc3 Nbd7 5. cxd5 cxd5 6. d4 e6 7. Bd3 Bd6 8. O-O O-O 9. Bd2 a6 10. Qb3 Qb6 11. Qc2 e5 12. e4 exd4 13. Nxd5 Nxd5 14. exd5 Nf6 15. Bg5 Bg4 16. Bxf6 gxf6 17. Nh4 Kh8 18. Bxh7 Rfe8 19. Bf5 Be2 20. Rfe1 Qb5 21. Qd2 Kg7 22. a4 Bb4 23. Qf4 Qc4 24. Be4 Re5 25. b3 Qc3 26. Nf5+ Rxf5 27. Qxf5 Re8 28. h4 Qxe1+ 29. Rxe1 Bxe1 30. Qh7+ Kf8 31. d6 1-0

[Event "TCh-RUS Blitz 2018"]
[Site "Sochi RUS"]
[Date "2018.10.10"]
[Round "11.1"]
[White "Maksim Chigaev"]
[Black "Daniil Dubov"]
[Result "1/2-1/2"]
[EventDate "?"]
[WhiteElo "2599"]
[BlackElo "2703"]
[PlyCount "92"]

1. e4 c5 2. Nf3 Nc6 3. Bb5 g6 4. Bxc6 dxc6 5. d3 Bg7 6. h3 Nf6 7. Nc3 Qc7 8. e5 Nd5 9. O-O Nxc3 10. bxc3 O-O 11. Bf4 Be6 12. Qd2 Rad8 13. Qe3 c4 14. d4 c5 15. dxc5 Rd5 16. Rfe1 Rfd8 17. Nd4 Qxc5 18. a4 b6 19. h4 h5 20. Rab1 Qc8 21. Rb5 Kh7 22. Ra1 Qd7 23. Rab1 Bf5 24. a5 Rxb5 25. Rxb5 Bxc2 26. axb6 axb6 27. Rxb6 Bf5 28. Qf3 Qd5 29. Qxd5 Rxd5 30. Rb5 Rxb5 31. Nxb5 f6 32. exf6 Bxf6 33. Bg5 Be5 34. Bxe7 Bd7 35. Nd4 Bxd4 36. cxd4 Bc6 37. f3 Kg7 38. Kf2 Kf7 39. Bg5 Ke6 40. Ke3 Kd5 41. Bf6 Bb5 42. Kd2 Bd7 43. Kc3 Be6 44. Bg5 Bf5 45. Bf6 Be6 46. Bg5 1/2-1/2

[Event "TCh-RUS Blitz 2018"]
[Site "Sochi RUS"]
[Date "2018.10.10"]
[Round "7.1"]
[White "Daniil Dubov"]
[Black "Pavel Ponkratov"]
[Result "1-0"]
[EventDate "?"]
[WhiteElo "2703"]
[BlackElo "2628"]
[PlyCount "126"]

1. d4 Nf6 2. c4 g6 3. Nc3 d5 4. cxd5 Nxd5 5. e4 Nxc3 6. bxc3 Bg7 7. Nf3 O-O 8. Be2 c5 9. O-O cxd4 10. cxd4 Nd7 11. Rb1 b6 12. e5 Bb7 13. Bg5 h6 14. Bh4 Bd5 15. Qd2 g5 16. Bg3 f5 17. exf6 exf6 18. Rb5 Bf7 19. Bd3 a6 20. Rf5 b5 21. h4 Nb6 22. hxg5 fxg5 23. Nxg5 hxg5 24. Rxg5 Bc4 25. Be5 Ra7 26. Re1 Bxd3 27. Bxg7 Rxg7 28. Rxg7+ Kxg7 29. Qxd3 Rf6 30. Re5 Qd6 31. Qe4 Nc4 32. Rg5+ Rg6 33. Rc5 Nd2 34. Qb7+ Kh6 35. Qc8 Qxd4 36. Qh3+ Kg7 37. Rc7+ Kf6 38. Rc6+ Kg7 39. Rc7+ Kf6 40. Qh8+ Ke6 41. Qe8+ Kf5 42. Qf7+ Kg5 43. Qe7+ Kh5 44. Qh7+ Kg5 45. Qe7+ Kh5 46. Qh7+ Kg5 47. Qe7+ Kh5 48. Qh7+ Kg5 49. Qe7+ Kh5 50. Rc5+ Kh6 51. Qf8+ Rg7 52. Rc6+ Kg5 53. Rc5+ Kh6 54. Rc6+ Kg5 55. Rc5+ Kh6 56. Qh8+ Kg6 57. Qh5+ Kf6 58. Qf5+ Ke7 59. Re5+ Kd6 60. Qf6+ Kc7 61. Qxg7+ Kb6 62. Re6+ Kc5 63. Rc6+ Kd5 1-0

[Event "TCh-RUS Blitz 2018"]
[Site "Sochi RUS"]
[Date "2018.10.10"]
[Round "2.2"]
[White "Daniil Dubov"]
[Black "Klementy Sychev"]
[Result "1-0"]
[EventDate "?"]
[WhiteElo "2703"]
[BlackElo "2534"]
[PlyCount "172"]

1. Nf3 Nf6 2. c4 g6 3. Nc3 Bg7 4. e4 d6 5. d4 Bg4 6. Be3 O-O 7. Be2 Nfd7 8. Ng1 Bxe2 9. Ngxe2 c5 10. O-O cxd4 11. Bxd4 Nf6 12. Nd5 Nxe4 13. Bxg7 Kxg7 14. Qd4+ Nf6 15. Nxf6 exf6 16. Rad1 Nc6 17. Qxd6 Re8 18. Nc3 Qxd6 19. Rxd6 Rad8 20. Rdd1 f5 21. b3 Nb4 22. g3 h5 23. Kg2 b6 24. Kf3 Rd3+ 25. Rxd3 Nxd3 26. Kg2 Ne1+ 27. Kg1 Nf3+ 28. Kg2 Ne1+ 29. Kh1 Nd3 30. Kg1 Ne1 31. f4 h4 32. gxh4 Nd3 33. h5 gxh5 34. Rd1 Nxf4 35. Kf2 Re7 36. Nb5 h4 37. Kf3 Ne6 38. Rd5 Kg6 39. Nd6 Ng5+ 40. Kf2 Ne4+ 41. Kf3 Ng5+ 42. Kf2 Ne4+ 43. Kf3 Ng5+ 44. Kf2 Rd7 45. Nxf5 Rxd5 46. Ne7+ Kf6 47. Nxd5+ Ke5 48. Ke3 f5 49. Nf4 Nf7 50. Ng6+ Kf6 51. Nxh4 Ne5 52. Nf3 Ng4+ 53. Kd4 Nf2 54. b4 Ke6 55. c5 bxc5+ 56. bxc5 Ne4 57. h4 Ng3 58. a3 f4 59. Ng5+ Kf5 60. c6 Kg4 61. c7 Nf5+ 62. Kc5 Ne7 63. Kd6 Nc8+ 64. Kd7 Nb6+ 65. Kc6 Kxh4 66. Ne4 f3 67. a4 Kg4 68. a5 Nc8 69. Kb7 Ne7 70. c8=Q+ Nxc8 71. Kxc8 Kf4 72. Nf2 Ke5 73. Kb7 Kd6 74. Kxa7 Kc6 75. Ka6 Kc7 76. Kb5 Kb7 77. a6+ Ka7 78. Ka5 Ka8 79. Kb6 Kb8 80. Nd3 Ka8 81. Nb4 f2 82. Nd5 f1=Q 83. Nc7+ Kb8 84. a7+ Kc8 85. a8=Q+ Kd7 86. Qe8+ 1-0

[Event "TCh-RUS Rapid 2018"]
[Site "Sochi RUS"]
[Date "2018.10.08"]
[Round "3.1"]
[White "Daniil Dubov"]
[Black "Pavel Ponkratov"]
[Result "1-0"]
[EventDate "?"]
[WhiteElo "2703"]
[BlackElo "2628"]
[PlyCount "88"]

1. d4 Nf6 2. c4 e6 3. Nf3 b6 4. g3 Bb7 5. Bg2 Be7 6. O-O O-O 7. d5 Qc8 8. Nd4 c5 9. Nc2 exd5 10. cxd5 b5 11. e4 d6 12. Ne3 Re8 13. b3 Nbd7 14. Bb2 Bf8 15. Nd2 a5 16. a4 bxa4 17. bxa4 Ba6 18. Re1 Rb8 19. Bc3 Ne5 20. Bxe5 Rxe5 21. Nec4 Re8 22. Nxa5 g6 23. Nc6 Ra8 24. Qc2 Bg7 25. Rab1 Qc7 26. a5 Nd7 27. Bf1 Bb7 28. Rxb7 Qxb7 29. Rb1 Qc8 30. Nc4 Qc7 31. f4 h5 32. Bg2 Ra6 33. e5 dxe5 34. d6 Qc8 35. Ne7+ Rxe7 36. dxe7 Qe8 37. Bb7 Ra7 38. Nd6 Qxe7 39. Nc8 Qe6 40. Bd5 Qg4 41. Nxa7 exf4 42. Nc6 fxg3 43. Qxg6 gxh2+ 44. Kh1 1-0

[Event "ch-RUS Blitz 2018"]
[Site "Sochi RUS"]
[Date "2018.10.07"]
[Round "14.2"]
[White "Grigoriy Oparin"]
[Black "Daniil Dubov"]
[Result "1-0"]
[EventDate "?"]
[WhiteElo "2624"]
[BlackElo "2703"]
[PlyCount "122"]

1. Nf3 Nf6 2. c4 g6 3. g3 b6 4. Bg2 Bb7 5. d4 Bg7 6. O-O O-O 7. Qc2 a5 8. Nc3 Na6 9. a3 e6 10. e4 d6 11. Re1 Qe7 12. Rb1 Nb8 13. b4 axb4 14. axb4 Nbd7 15. Bd2 Ba6 16. e5 dxe5 17. dxe5 Ng4 18. h3 Ngxe5 19. Nxe5 Nxe5 20. b5 Nxc4 21. Bxa8 Na3 22. Qe4 Nxb1 23. Rxb1 Qd8 24. bxa6 Qxa8 25. Qxa8 Rxa8 26. Nb5 Rxa6 27. Nxc7 Ra7 28. Nb5 Rb7 29. Be3 Be5 30. Nd4 h5 31. Rb5 Bc7 32. Nb3 Ra7 33. h4 Ra6 34. Nd2 Ra5 35. Rb3 b5 36. Ne4 Be5 37. Kg2 Kg7 38. Nc5 Ra2 39. Rxb5 Rb2 40. Nxe6+ Kf6 41. Rxb2 Bxb2 42. Nc5 Kf5 43. Kf3 f6 44. Ne4 Be5 45. Bf4 Bd4 46. Nd6+ Ke6 47. Nb5 Bb6 48. Be3 Bd8 49. Ke4 g5 50. Nd4+ Kf7 51. Nf5 g4 52. Nd6+ Ke6 53. Nf5 Kf7 54. Kd5 Ba5 55. Nd6+ Kg6 56. Ke6 Bc3 57. Nf5 Be5 58. Ne7+ Kg7 59. Kf5 Kf7 60. Nd5 Kg7 61. Nf4 1-0

[Event "ch-RUS Blitz 2018"]
[Site "Sochi RUS"]
[Date "2018.10.07"]
[Round "13.2"]
[White "Daniil Dubov"]
[Black "Grigoriy Oparin"]
[Result "1-0"]
[EventDate "?"]
[WhiteElo "2703"]
[BlackElo "2624"]
[PlyCount "106"]

1. Nf3 Nf6 2. c4 e6 3. g3 d5 4. Bg2 dxc4 5. Qa4+ Bd7 6. Qxc4 c5 7. O-O Nc6 8. d4 cxd4 9. Nxd4 Rc8 10. Nc3 a6 11. Nxc6 Bxc6 12. Rd1 Qa5 13. Bd2 Qc5 14. Qxc5 Bxc5 15. Rac1 Bxg2 16. Kxg2 O-O 17. Na4 Ba7 18. Bb4 Rfe8 19. Bc5 Bxc5 20. Nxc5 Rc7 21. Nb3 Rxc1 22. Rxc1 Kf8 23. Rc7 Re7 24. Rxe7 Kxe7 25. Nc5 b6 26. Nxa6 Kd6 27. Kf3 Nd5 28. e4 Ne7 29. Nb4 Kc5 30. Nc2 Nc6 31. Ke2 Kc4 32. f3 h5 33. Kd2 Ne5 34. b3+ Kc5 35. Ke3 Nc6 36. Ne1 Kb4 37. Kd3 Ka3 38. Kc4 Kxa2 39. b4 Ne5+ 40. Kb5 Kb3 41. f4 Ng4 42. Nf3 Kc3 43. e5 f6 44. f5 fxe5 45. fxe6 e4 46. e7 Nf6 47. Ng5 Kd3 48. Kxb6 e3 49. Kc6 e2 50. Nf3 Ke3 51. Ne1 Kf2 52. Nc2 Kg2 53. b5 1-0

[Event "ch-RUS Blitz 2018"]
[Site "Sochi RUS"]
[Date "2018.10.07"]
[Round "10.3"]
[White "Pavel Ponkratov"]
[Black "Daniil Dubov"]
[Result "0-1"]
[EventDate "?"]
[WhiteElo "2628"]
[BlackElo "2703"]
[PlyCount "86"]

1. c4 e5 2. Nc3 Nf6 3. Nf3 Nc6 4. e3 d5 5. cxd5 Nxd5 6. Qc2 Nxc3 7. bxc3 Bd6 8. Bd3 Qf6 9. Rb1 h6 10. Be4 O-O 11. O-O Re8 12. c4 Bg4 13. h3 Bxf3 14. Bxf3 e4 15. Bxe4 Rad8 16. Bxc6 bxc6 17. c5 Bf8 18. Bb2 Qe6 19. Bd4 Rd5 20. f4 g6 21. Qc3 Red8 22. Qb3 Qe4 23. d3 Qe7 24. Rbe1 Qd7 25. Qa4 Bxc5 26. Bxc5 Rxc5 27. d4 Rb5 28. Rc1 Rdb8 29. Qxa7 Rb2 30. Qc5 Qe6 31. Rf3 Qxa2 32. Rg3 Rb1 33. Kh2 Rxc1 34. Qxc1 Rb1 35. Qxc6 Qa1 36. Qe8+ Kg7 37. Qe5+ Kh7 38. Rf3 Rh1+ 39. Kg3 Qe1+ 40. Rf2 Rf1 41. Qxc7 Qxf2+ 42. Kh2 Qg1+ 43. Kg3 Qxe3+ 0-1

[Event "ch-RUS Blitz 2018"]
[Site "Sochi RUS"]
[Date "2018.10.07"]
[Round "9.3"]
[White "Daniil Dubov"]
[Black "Pavel Ponkratov"]
[Result "0-1"]
[EventDate "?"]
[WhiteElo "2703"]
[BlackElo "2628"]
[PlyCount "120"]

1. Nf3 c5 2. b3 Nc6 3. e3 e5 4. Bb2 d6 5. d4 cxd4 6. exd4 e4 7. Nfd2 d5 8. c4 Nf6 9. cxd5 Qxd5 10. Nc3 Qxd4 11. Be2 Bb4 12. Rc1 e3 13. fxe3 Qxe3 14. Nc4 Qe7 15. O-O O-O 16. Bd3 Ng4 17. Qf3 Bc5+ 18. Kh1 Qh4 19. h3 Nf2+ 20. Rxf2 Bxf2 21. Rf1 Bd4 22. Nd5 Bxb2 23. Nxb2 Ne5 24. Qe3 Nxd3 25. Nxd3 Bd7 26. Ne5 Rae8 27. Qc3 Be6 28. Nf4 Bc8 29. Nc4 Qe7 30. Qg3 Qc7 31. Qg5 f6 32. Qd5+ Rf7 33. Nd6 Rd8 34. Qxf7+ Qxf7 35. Nxf7 Kxf7 36. Rc1 Bf5 37. Kg1 g5 38. Ne2 Rd2 39. Rc7+ Kg6 40. Nc3 Rc2 41. b4 Be4 42. g3 Bf3 43. g4 h5 44. a4 hxg4 45. hxg4 Bxg4 46. a5 Bf3 47. Rc5 g4 48. Na4 Rd2 49. Rc3 Kg5 50. Nc5 Kh4 51. b5 Rb2 52. Nd3 Rxb5 53. Kf2 Rxa5 54. Rc7 Kg5 55. Kg3 Ra3 56. Rc5+ f5 57. Ne5 Be4+ 58. Kf2 g3+ 59. Ke1 Ra1+ 60. Ke2 g2 0-1

[Event "ch-RUS Blitz 2018"]
[Site "Sochi RUS"]
[Date "2018.10.07"]
[Round "7.5"]
[White "Sergei Lobanov"]
[Black "Daniil Dubov"]
[Result "0-1"]
[EventDate "?"]
[WhiteElo "2539"]
[BlackElo "2703"]
[PlyCount "84"]

1. e4 g6 2. d4 d6 3. Nc3 Bg7 4. Be3 a6 5. Qd2 b5 6. f3 Nd7 7. O-O-O Nb6 8. a3 c6 9. d5 c5 10. h4 h6 11. g4 Nf6 12. Nh3 Nfd7 13. f4 b4 14. axb4 cxb4 15. Nb1 Nf6 16. Bd4 Bxg4 17. Re1 O-O 18. Nf2 Bd7 19. Qxb4 Rb8 20. Qd2 Qc7 21. h5 Rfc8 22. Bd3 Nc4 23. Bxc4 Qxc4 24. hxg6 fxg6 25. Na3 Qa2 26. Rhg1 Ba4 27. c3 Rb3 28. Nb1 Rcb8 29. Nd1 Be8 30. Qg2 a5 31. e5 Nh5 32. Qf2 a4 33. exd6 Bxd4 34. Qxd4 Rxb2 35. Nxb2 Qxb2+ 36. Kd1 Qxb1+ 37. Ke2 Rb2+ 38. Ke3 Qf5 39. Qe4 Qh3+ 40. Kd4 Rd2+ 41. Kc4 Qc8+ 42. Kb4 Qb7+ 0-1

[Event "ch-RUS Blitz 2018"]
[Site "Sochi RUS"]
[Date "2018.10.07"]
[Round "8.5"]
[White "Daniil Dubov"]
[Black "Sergei Lobanov"]
[Result "1-0"]
[EventDate "?"]
[WhiteElo "2703"]
[BlackElo "2539"]
[PlyCount "64"]

1. c4 e5 2. Nc3 Nf6 3. Nf3 Nc6 4. g3 d5 5. cxd5 Nxd5 6. Bg2 Nb6 7. O-O Be7 8. a3 O-O 9. b4 a6 10. d3 Re8 11. Bb2 Bf8 12. Rc1 Nd4 13. Ne4 c6 14. Nc5 Nxf3+ 15. Bxf3 Rb8 16. Bg2 Bf5 17. Qb3 Nd7 18. Ne4 Be6 19. Qc2 Bd5 20. Rfd1 f5 21. Nd2 Bxg2 22. Kxg2 Nf6 23. Nf3 Qd5 24. Qc4 Qxc4 25. dxc4 e4 26. Nh4 a5 27. bxa5 Ra8 28. Bc3 Bxa3 29. Rb1 Ra7 30. Nxf5 Bc5 31. Bxf6 gxf6 32. Rd7 1-0

[Event "ch-RUS Rapid 2018"]
[Site "Sochi RUS"]
[Date "2018.10.06"]
[Round "6.5"]
[White "Daniil Dubov"]
[Black "Alexey Sarana"]
[Result "1-0"]
[EventDate "?"]
[WhiteElo "2703"]
[BlackElo "2641"]
[PlyCount "80"]

1. Nf3 d5 2. e3 Nf6 3. c4 e6 4. b3 Be7 5. Bb2 O-O 6. Nc3 c5 7. cxd5 Nxd5 8. Qc2 Nc6 9. h4 Qd7 10. a3 b6 11. Ng5 Nf6 12. Bc4 Rd8 13. f4 Na5 14. Bb5 Qb7 15. O-O-O a6 16. Be2 Bd7 17. Bd3 h6 18. Nce4 Ne8 19. Nxf7 Kxf7 20. Ng5+ Bxg5 21. hxg5 hxg5 22. Rh7 Qd5 23. Qc3 e5 24. Bc2 Bg4 25. e4 Qd7 26. Rf1 gxf4 27. Qxe5 Qxd2+ 28. Kb1 Rd4 29. Bc1 Qxg2 30. Qxf4+ Ke7 31. Rh2 Qxc2+ 32. Kxc2 Be6 33. Bb2 Bxb3+ 34. Kb1 Rd6 35. Rh8 Be6 36. Bxg7 Nc4 37. Bf8+ Kd7 38. Bxd6 Ncxd6 39. Rd1 Rc8 40. Rxe8 1-0

[Event "ch-RUS Rapid 2018"]
[Site "Sochi RUS"]
[Date "2018.10.06"]
[Round "9.6"]
[White "Klementy Sychev"]
[Black "Daniil Dubov"]
[Result "0-1"]
[EventDate "?"]
[WhiteElo "2534"]
[BlackElo "2703"]
[PlyCount "90"]

1. e4 g6 2. d4 d6 3. Nf3 Nf6 4. Nc3 Bg7 5. Bg5 O-O 6. Qd2 Nc6 7. O-O-O Rb8 8. d5 Nb4 9. Bh6 e5 10. dxe6 Bxe6 11. Bxg7 Kxg7 12. Kb1 Qe7 13. Nd4 Nc6 14. f3 Nxd4 15. Qxd4 Rfd8 16. g4 c5 17. Qd2 d5 18. g5 dxe4 19. gxf6+ Qxf6 20. Qe3 Rxd1+ 21. Nxd1 Qxf3 22. Qxf3 exf3 23. Bd3 f5 24. Re1 Kf6 25. Kc1 Rd8 26. b3 Rd4 27. Kd2 Rh4 28. Rh1 g5 29. Ke1 g4 30. Nf2 Bd5 31. Kf1 Kg5 32. Kg1 Kf4 33. Kf1 Rh6 34. Ke1 Re6+ 35. Kd2 h5 36. Bf1 Be4 37. Rg1 h4 38. Bd3 Bc6 39. Bf1 Be4 40. Bd3 b6 41. a4 a5 42. Bxe4 Rxe4 43. Nxe4 fxe4 44. Ke1 g3 45. hxg3+ hxg3 0-1

[Event "ch-RUS Rapid 2018"]
[Site "Sochi RUS"]
[Date "2018.10.05"]
[Round "2.5"]
[White "Daniil Dubov"]
[Black "Sergei Lobanov"]
[Result "1-0"]
[EventDate "?"]
[WhiteElo "2703"]
[BlackElo "2539"]
[PlyCount "62"]

1. Nf3 d5 2. e3 Nf6 3. c4 c6 4. Nc3 e6 5. d4 Nbd7 6. Bd3 Bd6 7. O-O O-O 8. e4 dxc4 9. Bxc4 e5 10. Bg5 Qc7 11. d5 a6 12. Rc1 c5 13. a4 b6 14. Nd2 Ne8 15. Be2 f6 16. Be3 g6 17. Nc4 Rb8 18. Bh6 Ng7 19. Ne3 f5 20. Nc4 f4 21. Bg4 b5 22. Nxd6 Qxd6 23. axb5 axb5 24. Ra1 Nf6 25. Bxc8 Rfxc8 26. Ra5 b4 27. Nb5 Qb6 28. Qa4 Nxe4 29. Na7 Re8 30. Nc6 Rbc8 31. Bxg7 1-0

[Event "72nd Moscow Blitz"]
[Site "Moscow RUS"]
[Date "2018.09.08"]
[Round "4.3"]
[White "David Paravyan"]
[Black "Daniil Dubov"]
[Result "1-0"]
[EventDate "?"]
[WhiteElo "2629"]
[BlackElo "2709"]
[PlyCount "124"]

1. d4 Nf6 2. c4 e6 3. g3 c5 4. Nf3 cxd4 5. Nxd4 d5 6. Bg2 e5 7. Nf3 d4 8. O-O Nc6 9. e3 Be7 10. exd4 exd4 11. b4 Nxb4 12. Nxd4 O-O 13. Be3 Ng4 14. Nc3 Nxe3 15. fxe3 Bf6 16. a3 Nc6 17. Nd5 Be5 18. Ra2 Be6 19. Rd2 Nxd4 20. exd4 Bd6 21. Qb3 Rc8 22. c5 Be7 23. Nxe7+ Qxe7 24. Qxb7 Qg5 25. Rdf2 Bc4 26. Re1 Rce8 27. Qb4 Bd5 28. Bxd5 Qxd5 29. Rfe2 Rxe2 30. Rxe2 a5 31. Qa4 h5 32. Re8 Qf3 33. Rxf8+ Kxf8 34. Qc2 Ke7 35. c6 Kd8 36. Qd2 Qd5 37. Qf4 Kc8 38. h4 f6 39. Qe3 Qxc6 40. Qd2 Qd5 41. Qc3+ Kd7 42. Kf2 a4 43. Qb4 Qb3 44. Qc5 Ke6 45. Qc6+ Kf5 46. d5 Qxa3 47. d6 Qb2+ 48. Ke3 Qe5+ 49. Kf3 Ke6 50. d7+ Ke7 51. Qc8 Qd5+ 52. Kf4 Qd4+ 53. Kf3 Qxd7 54. Qc5+ Kf7 55. Qxh5+ Kg8 56. Qc5 Qb7+ 57. Ke3 Qb3+ 58. Kf4 a3 59. Qc8+ Kf7 60. Qd7+ Kg6 61. Qe8+ Qf7 62. h5+ 1-0

[Event "72nd Moscow Blitz"]
[Site "Moscow RUS"]
[Date "2018.09.08"]
[Round "3.9"]
[White "Daniil Dubov"]
[Black "Pavel V Tregubov"]
[Result "0-1"]
[EventDate "?"]
[WhiteElo "2709"]
[BlackElo "2588"]
[PlyCount "70"]

1. e4 e6 2. Nc3 d5 3. Nf3 d4 4. Ne2 c5 5. d3 Nc6 6. g3 Nf6 7. Bg2 Be7 8. O-O O-O 9. h3 b5 10. a4 bxa4 11. Rxa4 a5 12. b3 Ba6 13. Nd2 Bb5 14. Ra1 a4 15. bxa4 Bxa4 16. Ba3 Nb4 17. Bxb4 cxb4 18. Nc4 Bc5 19. Nf4 Ra6 20. e5 Nd7 21. Be4 Bb5 22. Rxa6 Bxa6 23. Re1 g6 24. Bg2 Qc7 25. Qe2 Rb8 26. Nd2 Be7 27. Nb3 Rb5 28. Ra1 Rxe5 29. Qd1 Qb6 30. h4 Rf5 31. Ne2 Bf6 32. g4 Rb5 33. g5 Bg7 34. f4 Bb7 35. Qf1 h5 0-1

[Event "72nd Moscow Blitz"]
[Site "Moscow RUS"]
[Date "2018.09.08"]
[Round "14.8"]
[White "Andrey Rychagov"]
[Black "Daniil Dubov"]
[Result "0-1"]
[EventDate "?"]
[WhiteElo "2548"]
[BlackElo "2709"]
[PlyCount "70"]

1. d4 Nf6 2. c4 c5 3. d5 e6 4. Nc3 exd5 5. cxd5 d6 6. Nf3 g6 7. Bf4 Bg7 8. h3 O-O 9. e3 Na6 10. Bc4 Nc7 11. a4 a6 12. O-O Rb8 13. a5 b5 14. axb6 Rxb6 15. Ra2 Rb4 16. Qe2 Re8 17. Bh2 Bb7 18. Rd1 Qd7 19. b3 Nb5 20. Na4 Ne4 21. Rc1 Nbc3 22. Nxc3 Nxc3 23. Rxc3 Bxc3 24. Qc2 Bg7 25. Bxa6 Bxd5 26. Nd2 Qe6 27. Bc4 Bxc4 28. Nxc4 d5 29. Nd6 Rd8 30. Qxc5 Rxb3 31. Bg3 Be5 32. Nb5 Bxg3 33. fxg3 Rc8 34. Nc7 Qe5 35. Rc2 Rb7 0-1

[Event "72nd Moscow Blitz"]
[Site "Moscow RUS"]
[Date "2018.09.08"]
[Round "6.4"]
[White "Vladimir Zakhartsov"]
[Black "Daniil Dubov"]
[Result "0-1"]
[EventDate "?"]
[WhiteElo "2486"]
[BlackElo "2709"]
[PlyCount "54"]

1. e4 c5 2. Nf3 Nc6 3. Bb5 g6 4. O-O Bg7 5. Re1 e5 6. c3 Nge7 7. d4 exd4 8. cxd4 cxd4 9. Bg5 O-O 10. Qd2 Qb6 11. Bxc6 Nxc6 12. Na3 d6 13. Nc4 Qa6 14. Rac1 Bg4 15. Qf4 Bxf3 16. Qxf3 Ne5 17. Qb3 Rac8 18. Nxe5 dxe5 19. h4 h6 20. Bd2 h5 21. Bg5 Rc6 22. Rxc6 Qxc6 23. Rc1 Qxe4 24. f3 Qe2 25. Rc7 d3 26. Rd7 e4 27. fxe4 Qe1+ 0-1

[Event "Russian Championship Superfinal"]
[Site "Satka RUS"]
[Date "2018.09.05"]
[Round "11.3"]
[White "Daniil Dubov"]
[Black "Ian Nepomniachtchi"]
[Result "1/2-1/2"]
[EventDate "2018.08.25"]
[WhiteElo "2691"]
[BlackElo "2768"]
[PlyCount "41"]

1. d4 Nf6 2. c4 g6 3. g3 c6 4. Bg2 d5 5. cxd5 cxd5 6. Nf3 Bg7 7. Nc3 Ne4 8. Qa4+ Nc6 9. Ne5 Nxc3 10. bxc3 O-O 11. Nxc6 bxc6 12. O-O Qb6 13. Ba3 Qa6 14. Qxa6 Bxa6 15. Rfb1 Bxe2 16. Bxe7 Rfb8 17. Bd6 Rd8 18. Bc7 Rdc8 19. Bd6 Rd8 20. Bc7 Rdc8 21. Bd6 1/2-1/2

[Event "Russian Championship Superfinal"]
[Site "Satka RUS"]
[Date "2018.09.04"]
[Round "10.4"]
[White "Dmitry Jakovenko"]
[Black "Daniil Dubov"]
[Result "1-0"]
[EventDate "2018.08.25"]
[WhiteElo "2748"]
[BlackElo "2691"]
[PlyCount "109"]

1. d4 Nf6 2. c4 c5 3. d5 e6 4. Nc3 exd5 5. cxd5 d6 6. e4 g6 7. h3 Bg7 8. Nf3 a6 9. a4 Nbd7 10. Bd3 Nh5 11. Be2 Ne5 12. Nxe5 Bxe5 13. Bxh5 gxh5 14. Qxh5 Qf6 15. Qf3 Qxf3 16. gxf3 f5 17. Nd1 Rf8 18. Bh6 Rg8 19. Bd2 f4 20. Bc3 Bd7 21. Bxe5 dxe5 22. b3 Ke7 23. Nb2 b5 24. Kd2 Rg2 25. Nd3 Kd6 26. Rag1 Rag8 27. Rxg2 Rxg2 28. Rc1 bxa4 29. bxa4 Bxa4 30. Rxc5 Bd7 31. Rc1 Rh2 32. h4 Rg2 33. Rc2 Rh2 34. Rc1 Rg2 35. Rc2 Rh2 36. Kc3 Bb5 37. Nb2 Rxh4 38. Nc4+ Bxc4 39. Kxc4 Rh3 40. Ra2 Rxf3 41. Rxa6+ Kd7 42. Ra7+ Kd6 43. Ra6+ Kd7 44. Re6 Rxf2 45. Rxe5 Ra2 46. Rf5 Ra4+ 47. Kd3 Ra3+ 48. Kd4 f3 49. e5 Ra4+ 50. Kc5 Ra5+ 51. Kc4 Ra4+ 52. Kb5 Ra3 53. Rf7+ Ke8 54. e6 Re3 55. Kc5 1-0

[Event "Russian Championship Superfinal"]
[Site "Satka RUS"]
[Date "2018.09.03"]
[Round "9.4"]
[White "Daniil Dubov"]
[Black "Mikhail Kobalia"]
[Result "1/2-1/2"]
[EventDate "2018.08.25"]
[WhiteElo "2691"]
[BlackElo "2619"]
[PlyCount "68"]

1. c4 c6 2. Nf3 d5 3. g3 Bg4 4. Ne5 Be6 5. Bg2 Nd7 6. Nxd7 Qxd7 7. cxd5 cxd5 8. O-O Bh3 9. Bxh3 Qxh3 10. Nc3 Qd7 11. d3 e6 12. e4 d4 13. Ne2 Ne7 14. b4 a6 15. Qb3 Nc6 16. Bd2 Be7 17. a4 O-O 18. b5 axb5 19. axb5 Ne5 20. Kg2 Bc5 21. Rfc1 Bb6 22. h3 Rxa1 23. Rxa1 Rc8 24. f4 Ng6 25. Rc1 Ne7 26. Ng1 Rxc1 27. Bxc1 Nc8 28. Ba3 Na7 29. Qb4 Qe8 30. Qd6 Qd8 31. Qb4 Qe8 32. Qd6 Qd8 33. Qb4 Qe8 34. Qd6 Qd8 1/2-1/2

[Event "Russian Championship Superfinal"]
[Site "Satka RUS"]
[Date "2018.09.02"]
[Round "8.3"]
[White "Dmitry Andreikin"]
[Black "Daniil Dubov"]
[Result "1-0"]
[EventDate "2018.08.25"]
[WhiteElo "2710"]
[BlackElo "2691"]
[PlyCount "125"]

1. e4 c5 2. Nf3 Nc6 3. c3 Nf6 4. e5 Nd5 5. d4 cxd4 6. cxd4 d6 7. Bc4 e6 8. Qe2 Be7 9. O-O O-O 10. Rd1 Nb6 11. Bb3 Bd7 12. Nc3 d5 13. Bc2 Rc8 14. h4 Bxh4 15. Qd3 g6 16. Qe3 f5 17. Qh6 Be7 18. Ng5 Bxg5 19. Bxg5 Qe8 20. Bb3 Nd8 21. Qh4 Nf7 22. Bf6 Bb5 23. f3 Bc4 24. Kf2 Nd7 25. Be7 h6 26. Bxf8 Qxf8 27. g4 f4 28. g5 hxg5 29. Qh3 Qh6 30. Qxh6 Nxh6 31. Bc2 Kg7 32. Rg1 Nf7 33. Rac1 Rh8 34. b3 Ba6 35. Nxd5 exd5 36. e6 Nf8 37. exf7 Ne6 38. Bb1 Rh2+ 39. Rg2 Rh3 40. f8=Q+ Kxf8 41. Bxg6 Nxd4 42. Rxg5 Ke7 43. Rd1 Kf6 44. Rg4 Rh2+ 45. Rg2 Rxg2+ 46. Kxg2 Ke5 47. Re1+ Kd6 48. Kf2 Bb5 49. Be8 Ba6 50. Rh1 Nc2 51. Bg6 Nb4 52. a3 Nc6 53. Rh7 Kc5 54. Be8 Nd4 55. b4+ Kc4 56. Rf7 Kc3 57. Rxf4 Bc4 58. Rf7 Nc2 59. Rxb7 Nxa3 60. f4 d4 61. f5 d3 62. f6 d2 63. Bh5 1-0

[Event "Russian Championship Superfinal"]
[Site "Satka RUS"]
[Date "2018.09.01"]
[Round "7.5"]
[White "Daniil Dubov"]
[Black "Vladimir Fedoseev"]
[Result "1/2-1/2"]
[EventDate "2018.08.25"]
[WhiteElo "2691"]
[BlackElo "2707"]
[PlyCount "115"]

1. d4 d5 2. c4 e6 3. Nc3 a6 4. cxd5 exd5 5. Qb3 Nf6 6. Bg5 c6 7. e4 dxe4 8. Bc4 Qe7 9. a4 h6 10. Bxf6 gxf6 11. Nge2 f5 12. a5 Bg7 13. f3 e3 14. Nf4 Nd7 15. Nce2 Rb8 16. O-O h5 17. Rfd1 b5 18. axb6 Rxb6 19. Qc3 Kf8 20. Ra3 Bh6 21. Qc1 Qd6 22. Rxe3 Rb4 23. Ba2 a5 24. Rc3 Bb7 25. Kh1 h4 26. Qc2 Bxf4 27. Qxf5 Qf6 28. Qxf6 Nxf6 29. Nxf4 Rxb2 30. Ra3 Rg8 31. Rxa5 c5 32. Rb1 Rxb1+ 33. Bxb1 cxd4 34. Ra7 Bc8 35. Ba2 Nd7 36. Nd3 Kg7 37. Kg1 Rd8 38. Kf2 Kg6 39. Bb3 Kf6 40. Rc7 Kg7 41. Bc4 Rf8 42. Rc6 Rh8 43. Bb3 Re8 44. Rd6 Ne5 45. Nf4 Bf5 46. Rxd4 Rb8 47. Bd1 Rh8 48. Rd5 Kf6 49. Rd6+ Kg7 50. Rd4 Ng6 51. Nd5 Rb8 52. Be2 Rb2 53. Ne3 Be6 54. Re4 Kf6 55. f4 Ne7 56. g4 hxg3+ 57. hxg3 Nd5 58. Rc4 1/2-1/2

[Event "Russian Championship Superfinal"]
[Site "Satka RUS"]
[Date "2018.08.30"]
[Round "6.2"]
[White "Evgeny Tomashevsky"]
[Black "Daniil Dubov"]
[Result "1-0"]
[EventDate "2018.08.25"]
[WhiteElo "2702"]
[BlackElo "2691"]
[PlyCount "83"]

1. Nf3 Nf6 2. c4 c5 3. Nc3 d5 4. cxd5 Nxd5 5. e3 e6 6. d4 cxd4 7. exd4 Nxc3 8. bxc3 Qc7 9. Bd2 Nd7 10. a4 Bd6 11. a5 O-O 12. Bd3 e5 13. O-O Nf6 14. dxe5 Bxe5 15. Nxe5 Qxe5 16. Re1 Qd5 17. Be3 Bf5 18. Bf1 Qxd1 19. Rexd1 Rfc8 20. c4 Be6 21. Rab1 b6 22. c5 bxc5 23. Ba6 Nd5 24. Bxc8 Rxc8 25. Rb7 h6 26. Rc1 c4 27. Bxa7 Rc6 28. Be3 c3 29. Rb5 Nxe3 30. fxe3 Rc4 31. Kf2 Kh7 32. e4 c2 33. Ke3 Bd7 34. Rb7 Be6 35. Rb5 Bd7 36. Rb7 Be6 37. a6 Bc8 38. Rxf7 Bxa6 39. Rd7 Rc3+ 40. Kd2 Rc4 41. Re7 Rd4+ 42. Kc3 1-0

[Event "Russian Championship Superfinal"]
[Site "Satka RUS"]
[Date "2018.08.29"]
[Round "5.6"]
[White "Daniil Dubov"]
[Black "Nikita Vitiugov"]
[Result "1/2-1/2"]
[EventDate "2018.08.25"]
[WhiteElo "2691"]
[BlackElo "2730"]
[PlyCount "81"]

1. d4 d5 2. c4 c6 3. Nf3 Nf6 4. Nc3 e6 5. e3 Nbd7 6. Nd2 Be7 7. g3 e5 8. Bg2 exd4 9. exd4 dxc4 10. Nxc4 Nb6 11. Nxb6 axb6 12. O-O Be6 13. Bg5 Ra5 14. Bxf6 Bxf6 15. d5 cxd5 16. Qd3 O-O 17. Rfd1 Bxc3 18. Qxc3 Qd6 19. Rd4 Rc8 20. Qd2 h6 21. b4 Ra4 22. Rd1 Rd8 23. Bxd5 Bxd5 24. Rxd5 Qxd5 25. Qxd5 Rxd5 26. Rxd5 Rxb4 27. Rd8+ Kh7 28. Rd7 f6 29. Rxb7 Ra4 30. Rxb6 Rxa2 31. h4 Ra1+ 32. Kg2 Ra2 33. Rb5 Ra1 34. Rb8 Ra2 35. Rc8 Ra1 36. Rc6 Ra2 37. Rc1 Ra3 38. Rc2 Ra1 39. Rb2 Ra3 40. Rd2 Ra1 41. Rd3 1/2-1/2